Derek is Forty! Quiz Stats

 Plays Quiz not verified by Sporcle

Also try: Rhymes with 'UM'
Challenge
Share
Tweet
Embed
Score 0/203 Timer 20:00
0 Plays Today
words % Correct
FOR
92.3%
TO
88.5%
FORT
88.5%
DE
84.6%
RE
84.6%
OR
80.8%
DO
76.9%
FORTY
76.9%
ER
73.1%
TOR
73.1%
FORE
73.1%
FE
69.2%
FEE
69.2%
RED
69.2%
REE
69.2%
TORE
69.2%
ED
65.4%
OF
65.4%
YE
65.4%
YO
65.4%
DEE
65.4%
TEE
65.4%
DEER
65.4%
FORK
65.4%
ET
61.5%
DOR
61.5%
ROT
57.7%
REED
57.7%
REEK
57.7%
EF
53.8%
ERE
53.8%
FED
53.8%
FOE
53.8%
OY
50%
DEF
50%
EYE
50%
FRO
50%
KEY
50%
ROD
50%
RYE
50%
TOY
50%
YET
50%
REEF
50%
TREE
50%
DOE
46.2%
DOT
46.2%
DYE
46.2%
ORT
46.2%
TOE
46.2%
DORK
46.2%
FEED
46.2%
FEET
46.2%
FREE
46.2%
YORE
46.2%
DRY
42.3%
EEK
42.3%
ERR
42.3%
FOY
42.3%
FRY
42.3%
ORE
42.3%
REF
42.3%
ROE
42.3%
DERE
42.3%
FORD
42.3%
RODE
42.3%
OD
38.5%
DEY
38.5%
FER
38.5%
words % Correct
FET
38.5%
TRY
38.5%
YOK
38.5%
DORE
38.5%
ROTE
38.5%
TORY
38.5%
YOKE
38.5%
FREED
38.5%
OE
34.6%
RET
34.6%
TED
34.6%
DEET
34.6%
DOTE
34.6%
FRET
34.6%
TEED
34.6%
TREK
34.6%
TROY
34.6%
FORKED
34.6%
EKE
30.8%
OFT
30.8%
TYE
30.8%
DEFT
30.8%
DREE
30.8%
REDO
30.8%
KEYED
30.8%
TREED
30.8%
FEY
26.9%
KOR
26.9%
ODE
26.9%
OKE
26.9%
TROD
26.9%
DORKY
26.9%
ERRED
26.9%
FORTE
26.9%
ORDER
26.9%
TOD
23.1%
YOD
23.1%
DEFY
23.1%
DEKE
23.1%
DOTY
23.1%
DYER
23.1%
DYKE
23.1%
EYED
23.1%
FETE
23.1%
TOED
23.1%
REFER
23.1%
TERRY
23.1%
EFT
19.2%
KEF
19.2%
DOER
19.2%
DORY
19.2%
DREK
19.2%
EYER
19.2%
TOKE
19.2%
TORR
19.2%
TREY
19.2%
DERRY
19.2%
DOTER
19.2%
FERRY
19.2%
KERRY
19.2%
REEDY
19.2%
REEKY
19.2%
RETRY
19.2%
FERRET
19.2%
KYE
15.4%
DORR
15.4%
FERE
15.4%
FROE
15.4%
words % Correct
KEEF
15.4%
KEET
15.4%
TYRE
15.4%
DEFER
15.4%
DETER
15.4%
ERODE
15.4%
FORKY
15.4%
REEFY
15.4%
REFED
15.4%
REFRY
15.4%
TOKER
15.4%
EERY
11.5%
EKED
11.5%
EYRE
11.5%
FYKE
11.5%
KERF
11.5%
TYER
11.5%
DRYER
11.5%
OFTER
11.5%
TOKED
11.5%
TOYED
11.5%
TOYER
11.5%
TRODE
11.5%
TROKE
11.5%
FORKER
11.5%
KYTE
7.7%
OYER
7.7%
REDE
7.7%
REFT
7.7%
RETE
7.7%
RYKE
7.7%
TYEE
7.7%
TYRO
7.7%
YERK
7.7%
DORTY
7.7%
FETED
7.7%
FEYER
7.7%
FOYER
7.7%
FREER
7.7%
FRYER
7.7%
REDRY
7.7%
REDEYE
7.7%
REKEY
7.7%
RETRO
7.7%
TYRED
7.7%
YOKED
7.7%
DEFTER
7.7%
REDEFY
7.7%
RETORE
7.7%
YERKED
7.7%
FERRETY
7.7%
FEOD
3.8%
KETO
3.8%
KORE
3.8%
RYOT
3.8%
TODY
3.8%
TREF
3.8%
TYLE
3.8%
FETOR
3.8%
FRERE
3.8%
FRORE
3.8%
RYKED
3.8%
KERFED
3.8%
TEREDO
3.8%
TROKED
3.8%
TORREFY
3.8%
FERETORY
3.8%

You're not logged in!

Compare scores with friends on all Sporcle quizzes.
Join for Free
OR
Log In

You Might Also Like...

Show Comments

Extras

Top Quizzes Today


Score Distribution

Your Account Isn't Verified!

In order to create a playlist on Sporcle, you need to verify the email address you used during registration. Go to your Sporcle Settings to finish the process.

Report this User

Report this user for behavior that violates our Community Guidelines.

Details: